000 00623nam a22002537a 4500
001 BR9403212
003 BR-BrBNA
005 20230928094215.0
007 ta
008 230509b bl.||||| |||| 00| 0 por d
040 _aBR-BrBNA
_bpor
_cBiblioteca Nacional de Agricultura
041 _a(Por)
072 _aE80
_b9430
090 _ 9430 BR9403212
100 1 _aTorres, C.L.L.
245 1 _aE facil fazer queijos
260 3 _aSao Paulo, SP (Brasil):
_bTres,
_c1986.
300 _a32 p.
500 _a31 illus.
650 _aQueijo
650 _aCulinaria
909 _a202309
_bLucia
_c55
_dLucia Elande
942 _cBK
999 _c49401
_d49401